000 01076nam a2200229Ia 4500
999 _c38436
_d38436
001 4447
003 GE_BSU
005 20190517210026.0
008 181216s1993||||ge |||||||||||||| ||geo||
040 _cGE_BSU
041 _ageo
080 _a53+531/534(075.8) ვ–43
100 _aვეფხვაძე, გ.
_91364
245 _aზოგადი ფიზიკის კურსი : II : ელექტრობა და მაგნეტიზმი : სახელმძღვ. /
_cგ. ვეფხვაძე ; რედ : ნ.პოლიევქტოვ–ნიკოლაძე.
264 _aთბილისი :
_bთბილ. უნ–ტის გამ–ბა,
_c1983.
300 _a293 გვ :
_c22 სმ.
653 _aელექტრობა და მაგნეტიზმი
653 _aზოგადი ფიზიკის კურსი
653 _aფიზიკა.
700 _aპოლიევქტოვ–ნიკოლაძე, ნ
_eრედაქტორი
_91365
942 _cBK
_2udc